000 00460nam a22001817a 4500
003 LK-CoDNM
005 20250130133059.0
008 250130b |||||||| |||| 00| 0 eng d
040 _aLK-CoDNM
_dLK-CoDNM
_eLK-CoDNM
041 _aeng
080 _a13
_bT3
100 _aEcker,Dr.Alexander
245 _aThe anatomy of the frog
260 _aAt the Clarendon press
_bOxford
_c1889
300 _axvi, 449p. : ill ; 24 cm
650 _aAnimals
942 _cBK
999 _c237698
_d237698